Quartier d'Europa-Park - Statistiques

Statistiques générales
  • Ce quiz a été pris 400 fois
  • Le résultat moyen est 13 sur 18
Statistiques - réponses
Création Réponse % Correct
1990 France
99%
1996 Allemagne
98%
1994 Espagne
96%
1982 Italie
93%
1993 Suisse
93%
2008 Russie
89%
2005 Portugal
88%
2000 Grèce
86%
2016 Irlande
85%
1988 Angleterre
84%
2009 Islande
83%
1992 Autriche
80%
1984 Pays-Bas
73%
1992 Scandinavie
61%
2016 Luxembourg
59%
2014 Royaume des Minimoys
20%
1975 Forêt Enchanté
19%
1978 Univers de l'Aventure
14%
Aucun quiz correspondant
Distribution des résultats
% des personnes avec chaque résultat
Percentile par nombre de réponses
Votre historique - résultats
Vous n’avez pas pris ce quiz